[Event "Oberliga Ost-A 2122"]
[Site "Germany"]
[Date "2022.04.30"]
[Round "2.5"]
[White "Just, Wolfgang"]
[Black "Ellemann, Stefan"]
[Result "1/2-1/2"]
[WhiteElo "2075"]
[BlackElo "2036"]
[PlyCount "64"]
[EventDate "2021.10.10"]
[EventType "team-tourn"]
[EventRounds "11"]
[EventCountry "GER"]
[SourceTitle "EXT 2023"]
[Source "ChessBase"]
[SourceDate "2022.10.05"]
[SourceVersion "1"]
[SourceVersionDate "2022.10.05"]
[SourceQuality "1"]
[WhiteTeam "Leipzig VfB"]
[BlackTeam "Sangerhausen"]
[WhiteTeamCountry "GER"]
[BlackTeamCountry "GER"]

1. e4 c6 2. d4 d5 3. Nc3 dxe4 4. Nxe4 Bf5 5. Ng3 Bg6 6. Nf3 Nd7 7. Bc4 e6 8. 0-0 Ngf6 9. Re1 Be7 10. c3 b5 11. Bb3 0-0 12. Nh4 Nd5 13. Nxg6 hxg6 14. Bd2 Qb6 15. Ne4 N7f6 16. Qf3 Rad8 17. Rad1 Rd7 18. Bf4 Rfd8 19. Be5 c5 20. dxc5 Bxc5 21. Bxf6 Nxf6 22. Rxd7 Rxd7 23. Nxc5 Qxc5 24. Qa8+ Kh7 25. Re3 Ng4 26. Rh3+ Nh6 27. g4 Rd2 28. Qf3 Kg8 29. Qf4 Qd6 30. Qf3 Qc5 31. Qf4 Qd6 32. Qf3 Qc5 1/2-1/2

[Event "Oberliga Ost-A 1920"]
[Site "Germany"]
[Date "2021.07.18"]
[Round "11.7"]
[White "Ellemann, Stefan"]
[Black "Grohmann, Alexander"]
[Result "0-1"]
[WhiteElo "2041"]
[BlackElo "1975"]
[PlyCount "112"]
[EventDate "2019.09.29"]
[EventType "team-tourn"]
[EventRounds "11"]
[EventCountry "GER"]
[SourceTitle "EXT 2023"]
[Source "ChessBase"]
[SourceDate "2022.10.05"]
[SourceVersion "1"]
[SourceVersionDate "2022.10.05"]
[SourceQuality "1"]
[WhiteTeam "Sangerhausen"]
[BlackTeam "Hoyerswerda"]
[WhiteTeamCountry "GER"]
[BlackTeamCountry "GER"]

1. c4 Nf6 2. g3 e6 3. Bg2 d5 4. Nf3 b6 5. 0-0 Be7 6. cxd5 exd5 7. d4 0-0 8. Nc3 Bb7 9. Bf4 Nh5 10. Be5 f6 11. Bf4 Nxf4 12. gxf4 Bd6 13. e3 c6 14. Qb3 Kh8 15. Ne2 Nd7 16. Rfd1 Re8 17. Rac1 Nf8 18. Bh3 Bc8 19. Bg2 Bd7 20. Ne1 Qe7 21. Nd3 Ng6 22. Rd2 Nh4 23. Bh1 Qe6 24. Qd1 g5 25. fxg5 Rg8 26. Ndf4 Rxg5+ 27. Kf1 Bxf4 28. Nxf4 Qg8 29. Qc2 Re8 30. Rdd1 Rg1+ 31. Ke2 Bg4+ 32. f3 Rxh1 33. Rxh1 Bxf3+ 34. Kf2 Bxh1 35. Rxh1 Qg4 36. Qe2 Qxe2+ 37. Kxe2 Nf5 38. Rc1 Rxe3+ 39. Kf2 Re4 40. Nh5 Nxd4 41. Nxf6 Re2+ 42. Kg3 Rxb2 43. Rd1 Nf5+ 44. Kf4 Rf2+ 45. Ke5 Nh4 46. Ke6 Ng6 47. Kf7 Ne5+ 48. Ke6 Nf3 49. Ng4 Rxa2 50. Rd3 h5 51. Nf6 Ng5+ 52. Kf5 Ne4 53. Nxh5 Rxh2 54. Kg6 Rg2+ 55. Kf7 Rf2+ 56. Kg6 Kg8 0-1

[Event "Bayern-chI Bank Hofmann 21st"]
[Site "Tegernsee"]
[Date "2017.10.30"]
[Round "3"]
[White "Gopal, Geetha Narayanan"]
[Black "Ellemann, Stefan"]
[Result "1-0"]
[WhiteElo "2589"]
[BlackElo "1994"]
[PlyCount "37"]
[EventDate "2017.10.28"]
[EventType "swiss"]
[EventRounds "9"]
[EventCountry "GER"]
[SourceTitle "CBM 181 Extra"]
[Source "ChessBase"]
[SourceDate "2017.12.12"]
[SourceVersion "1"]
[SourceVersionDate "2017.12.12"]
[SourceQuality "1"]

1. e4 c6 2. d4 d5 3. e5 c5 4. Nf3 Nc6 5. c4 cxd4 6. Nxd4 e6 7. Nc3 Bb4 8. Nxc6 bxc6 9. Bd3 d4 10. a3 Qa5 11. axb4 Qxa1 12. Ne4 f5 13. Nd6+ Kf8 14. 0-0 h5 15. Qb3 c5 16. Bxf5 exf5 17. Qf3 Rb8 18. Qd5 Rb7 19. Nxc8 1-0

[Event "Leipzig VfB op 24th"]
[Site "Leipzig"]
[Date "2017.03.25"]
[Round "7"]
[White "Ellemann, Stefan"]
[Black "Pruefer, Friedbert"]
[Result "1/2-1/2"]
[WhiteElo "1980"]
[BlackElo "2196"]
[PlyCount "58"]
[EventDate "2017.03.21"]
[EventType "swiss"]
[EventRounds "9"]
[EventCountry "GER"]
[SourceTitle "EXT 2018"]
[Source "ChessBase"]
[SourceDate "2017.10.13"]
[SourceVersion "1"]
[SourceVersionDate "2017.10.13"]
[SourceQuality "1"]

1. c4 Nf6 2. g3 c6 3. Bg2 d5 4. Qc2 g6 5. Nf3 Bg7 6. 0-0 0-0 7. d3 Re8 8. Nbd2 e5 9. e4 a5 10. b3 Na6 11. a3 dxe4 12. dxe4 Bg4 13. Bb2 Nd7 14. h3 Bxf3 15. Nxf3 Qc7 16. Bc3 Nac5 17. b4 axb4 18. axb4 Ne6 19. Rfd1 Rxa1 20. Bxa1 c5 21. bxc5 Ndxc5 22. Bc3 Rd8 23. Rd5 Rxd5 24. exd5 Nf8 25. Nd2 Nfd7 26. Nb3 Nxb3 27. Qxb3 Bf8 28. Qb5 Bd6 29. Ba5 Qc8 1/2-1/2

[Event "Leipzig VfB op 24th"]
[Site "Leipzig"]
[Date "2017.03.24"]
[Round "6"]
[White "Hoffmann, Hendrik"]
[Black "Ellemann, Stefan"]
[Result "1/2-1/2"]
[WhiteElo "2347"]
[BlackElo "1980"]
[PlyCount "81"]
[EventDate "2017.03.21"]
[EventType "swiss"]
[EventRounds "9"]
[EventCountry "GER"]
[SourceTitle "EXT 2018"]
[Source "ChessBase"]
[SourceDate "2017.10.13"]
[SourceVersion "1"]
[SourceVersionDate "2017.10.13"]
[SourceQuality "1"]

1. e4 c6 2. d4 d5 3. Nc3 dxe4 4. Nxe4 Bf5 5. Ng3 Bg6 6. Nf3 Nd7 7. h4 h6 8. h5 Bh7 9. Bd3 Bxd3 10. Qxd3 e6 11. Bd2 Ngf6 12. 0-0-0 Be7 13. Ne4 Rc8 14. Kb1 c5 15. Nxf6+ Bxf6 16. d5 Qb6 17. Bc3 c4 18. Qd2 Bxc3 19. Qxc3 0-0 20. dxe6 Qxe6 21. Rhe1 Qc6 22. Nd4 Qf6 23. Re3 Ne5 24. Rde1 Nc6 25. Nxc6 Rxc6 26. Qb4 Rcc8 27. Rf3 Qd4 28. a3 b6 29. Rfe3 a5 30. Qc3 Qxc3 31. Rxc3 Rfd8 32. Re4 Rd1+ 33. Ka2 b5 34. a4 Rc5 35. g4 f5 36. gxf5 Rxf5 37. axb5 Rxb5 38. Rg3 Rb4 39. Re7 Kf8 40. Rc7 Rc1 41. Rc8+ 1/2-1/2

[Event "Leipzig VfB op 24th"]
[Site "Leipzig"]
[Date "2017.03.23"]
[Round "5"]
[White "Von Zimmermann, Georg"]
[Black "Ellemann, Stefan"]
[Result "0-1"]
[WhiteElo "2129"]
[BlackElo "1980"]
[PlyCount "96"]
[EventDate "2017.03.21"]
[EventType "swiss"]
[EventRounds "9"]
[EventCountry "GER"]
[SourceTitle "EXT 2018"]
[Source "ChessBase"]
[SourceDate "2017.10.13"]
[SourceVersion "1"]
[SourceVersionDate "2017.10.13"]
[SourceQuality "1"]

1. e4 c6 2. d4 d5 3. Nc3 dxe4 4. Nxe4 Bf5 5. Ng3 Bg6 6. h4 h6 7. Nf3 Nd7 8. h5 Bh7 9. Bd3 Bxd3 10. Qxd3 e6 11. Bf4 Qa5+ 12. Bd2 Bb4 13. Ne4 Ngf6 14. a3 Bxd2+ 15. Nexd2 0-0 16. Kf1 Rad8 17. b4 Qc7 18. g3 e5 19. Kg2 exd4 20. Qxd4 Nb6 21. Qh4 Rd5 22. Ne4 Nbd7 23. Nxf6+ Nxf6 24. Rad1 Rfd8 25. Rxd5 Rxd5 26. Re1 Rxh5 27. Qd4 Qc8 28. Nh4 c5 29. Qc3 Qc6+ 30. Qf3 cxb4 31. axb4 Rb5 32. c3 a5 33. bxa5 Rxa5 34. Rb1 Ne4 35. Rb4 Nd2 36. Qxc6 bxc6 37. Nf3 Nxf3 38. Kxf3 Rc5 39. Rb3 h5 40. Ke4 g5 41. Rb8+ Kg7 42. Kd4 Rd5+ 43. Ke3 h4 44. gxh4 gxh4 45. Kf4 Rd3 46. Kg4 h3 47. f3 h2 48. Rb1 Rxc3 0-1

[Event "Leipzig VfB op 23rd"]
[Site "Leipzig"]
[Date "2016.03.19"]
[Round "7"]
[White "Ellemann, Stefan"]
[Black "Artmann, Juergen"]
[Result "0-1"]
[WhiteElo "1985"]
[BlackElo "1758"]
[PlyCount "95"]
[EventDate "2016.03.15"]
[EventType "swiss"]
[EventRounds "9"]
[EventCountry "GER"]
[SourceTitle "EXT 2017"]
[Source "ChessBase"]
[SourceDate "2016.10.25"]
[SourceVersion "1"]
[SourceVersionDate "2016.10.25"]
[SourceQuality "1"]

1. d4 f5 2. c4 Nf6 3. Nc3 g6 4. h4 d6 5. Bg5 Be6 6. Bxf6 exf6 7. Qb3 Nd7 8. e3 Nb6 9. Nh3 Bg7 10. Nf4 Bf7 11. Bd3 c6 12. d5 Qc7 13. Rc1 Nd7 14. Na4 0-0 15. 0-0 Ne5 16. Bb1 c5 17. Nc3 a6 18. Rfd1 Rfe8 19. Nce2 Bh6 20. Nd3 Rab8 21. h5 b5 22. cxb5 axb5 23. Nd4 c4 24. Nxb5 Qa5 25. hxg6 hxg6 26. Qa3 Qxb5 27. Nxe5 dxe5 28. b3 Bxd5 29. bxc4 Bxc4 30. Qd6 Qa6 31. Rxc4 Qxc4 32. Bd3 Qf7 33. a4 Bf8 34. Qa6 Ra8 35. Qb5 Rab8 36. Qa6 Ra8 37. Qb5 Reb8 38. Qc6 Rc8 39. Qb5 Kg7 40. g4 fxg4 41. Be4 Rab8 42. Qa6 Rd8 43. Rc1 Rd6 44. Qa5 Rbd8 45. Rc7 R8d7 46. Rc3 g3 47. fxg3 Rd1+ 48. Kh2 0-1

[Event "Leipzig VfB op 23rd"]
[Site "Leipzig"]
[Date "2016.03.16"]
[Round "2"]
[White "Ellemann, Stefan"]
[Black "Humburg, Philipp"]
[Result "1/2-1/2"]
[WhiteElo "1985"]
[BlackElo "2191"]
[PlyCount "130"]
[EventDate "2016.03.15"]
[EventType "swiss"]
[EventRounds "9"]
[EventCountry "GER"]
[SourceTitle "EXT 2017"]
[Source "ChessBase"]
[SourceDate "2016.10.25"]
[SourceVersion "1"]
[SourceVersionDate "2016.10.25"]
[SourceQuality "1"]

1. b3 c5 2. c4 Nc6 3. Bb2 Nf6 4. Nf3 e6 5. g3 Be7 6. Bg2 d5 7. cxd5 exd5 8. 0-0 d4 9. Na3 0-0 10. Rc1 Bg4 11. Nc4 Nd5 12. Nfe5 Nxe5 13. Nxe5 Be6 14. Ba3 Rc8 15. e4 Nb4 16. Bxb4 cxb4 17. Rxc8 Bxc8 18. Qc2 Qa5 19. Nc4 Qc5 20. Rc1 Bd7 21. Nb2 Qd6 22. Nc4 Qc5 23. Nb2 Rc8 24. Qxc5 Rxc5 25. Rxc5 Bxc5 26. Nd3 Be7 27. Bf1 b5 28. Ne5 Be8 29. Bh3 Bd6 30. Nf3 Bc5 31. Ne5 Bd6 32. Nf3 Bc5 33. Ne5 g5 34. Nd7 Be7 35. Ne5 h5 36. Bf5 g4 37. Kg2 Kg7 38. h3 Bg5 39. f4 gxf3+ 40. Nxf3 Bh6 41. Kf2 d3 42. Ke1 Kf6 43. Kd1 a5 44. Ne1 Ke5 45. Nxd3+ Kd4 46. Ne1 Bc6 47. Nf3+ Kc5 48. Kc2 Bg7 49. Ng5 Be8 50. Nf3 a4 51. d4+ Bxd4 52. g4 hxg4 53. hxg4 Bc3 54. g5 Bg7 55. Kd1 Kd6 56. Kc2 Be5 57. Kd3 Bb2 58. Kc2 Bg7 59. Kd3 Be5 60. Kc2 Bf4 61. Kd3 Bc6 62. Kc2 Be3 63. Kd3 Bf4 64. Kc2 Be3 65. Kd3 Bf4 1/2-1/2

[Event "Oberliga Ost-A 0910"]
[Site "Germany"]
[Date "2010.04.11"]
[Round "11.8"]
[White "Ellemann, Stefan"]
[Black "Schlachetka, Werner"]
[Result "1/2-1/2"]
[WhiteElo "1757"]
[BlackElo "2114"]
[PlyCount "45"]
[EventDate "2009.10.18"]
[EventType "team-tourn"]
[EventRounds "11"]
[EventCountry "GER"]
[SourceTitle "EXT 2011"]
[Source "ChessBase"]
[SourceDate "2010.11.26"]
[SourceVersion "1"]
[SourceVersionDate "2010.11.26"]
[SourceQuality "1"]
[WhiteTeam "Sangerhausen"]
[BlackTeam "Jena Schott"]
[WhiteTeamCountry "GER"]
[BlackTeamCountry "GER"]

1. d4 Nf6 2. c4 c5 3. d5 b5 4. cxb5 a6 5. Nc3 axb5 6. Nxb5 Qa5+ 7. Nc3 g6 8. e3 d6 9. Nf3 Bg7 10. Nd2 Ba6 11. Bxa6 Nxa6 12. 0-0 0-0 13. e4 Nd7 14. Nc4 Qb4 15. Qa4 Bxc3 16. Qxb4 Bxb4 17. a3 Nc7 18. Bh6 Rfb8 19. axb4 cxb4 20. Na5 Ne5 21. Rfc1 Na6 22. Be3 f6 23. f3 1/2-1/2

[Event "Oberliga Ost-A 0910"]
[Site "Germany"]
[Date "2010.03.21"]
[Round "9.8"]
[White "Pfeiffer, Alfred"]
[Black "Ellemann, Stefan"]
[Result "1-0"]
[WhiteElo "2106"]
[BlackElo "1757"]
[PlyCount "63"]
[EventDate "2009.10.18"]
[EventType "team-tourn"]
[EventRounds "11"]
[EventCountry "GER"]
[SourceTitle "EXT 2011"]
[Source "ChessBase"]
[SourceDate "2010.11.26"]
[SourceVersion "1"]
[SourceVersionDate "2010.11.26"]
[SourceQuality "1"]
[WhiteTeam "Chemnitz"]
[BlackTeam "Sangerhausen"]
[WhiteTeamCountry "GER"]
[BlackTeamCountry "GER"]

1. e4 c5 2. Nf3 d6 3. d4 cxd4 4. Nxd4 Nf6 5. Nc3 a6 6. Bg5 e6 7. f4 Be7 8. Qf3 Nbd7 9. 0-0-0 Qc7 10. g4 h6 11. Bxf6 Bxf6 12. h4 g5 13. hxg5 hxg5 14. Rxh8+ Bxh8 15. f5 Ne5 16. Qh3 Bf6 17. Qh7 Qe7 18. Be2 Bd7 19. fxe6 fxe6 20. Qh6 0-0-0 21. Rf1 Nxg4 22. Bxg4 Bxd4 23. Qh3 Re8 24. Rf3 Rh8 25. Qf1 Be5 26. Rf7 Bf4+ 27. Qxf4 Qe8 28. Qf6 Rh6 29. Qg7 Rh1+ 30. Nd1 Rh8 31. Re7 Qd8 32. Rxd7 1-0

[Event "GER-chT U20"]
[Site "Arendsee"]
[Date "2008.12.27"]
[Round "2.6"]
[White "Ellemann, Stefan"]
[Black "Held, Florian"]
[Result "0-1"]
[WhiteElo "1647"]
[BlackElo "1943"]
[PlyCount "54"]
[EventDate "2008.12.27"]
[EventType "team-swiss"]
[EventRounds "7"]
[EventCountry "GER"]
[SourceTitle "CBM 128 Extra"]
[Source "ChessBase"]
[SourceDate "2009.03.05"]
[SourceVersion "2"]
[SourceVersionDate "2009.03.25"]
[SourceQuality "1"]
[WhiteTeam "Sangerhausen"]
[BlackTeam "Hamburger SK"]
[WhiteTeamCountry "GER"]
[BlackTeamCountry "GER"]

1. d4 Nf6 2. c4 g6 3. Nc3 Bg7 4. e4 d6 5. Be2 0-0 6. h3 e5 7. d5 a5 8. Nf3 Na6 9. 0-0 Nc5 10. Bg5 h6 11. Bxf6 Qxf6 12. Ne1 Qh4 13. Qc2 f5 14. f3 f4 15. Nd3 b6 16. Nf2 h5 17. Qd1 Bh6 18. Rc1 Rf7 19. b3 g5 20. a3 g4 21. fxg4 f3 22. Bxf3 Bxc1 23. Qxc1 Nxb3 24. Qh6 Nd4 25. Bd1 Ba6 26. Qg6+ Rg7 27. Qxh5 Qg3 0-1

[Event "Saale-Herbst op 3rd"]
[Site "Halle/Saale"]
[Date "2006.10.27"]
[Round "6"]
[White "Mueller, Marius"]
[Black "Ellemann, Stefan"]
[Result "1/2-1/2"]
[WhiteElo "1305"]
[BlackElo "948"]
[PlyCount "86"]
[EventDate "2006.10.25"]
[EventType "swiss"]
[EventRounds "7"]
[EventCountry "GER"]
[SourceTitle "EXT 2019"]
[Source "ChessBase"]
[SourceDate "2018.10.10"]
[SourceVersion "1"]
[SourceVersionDate "2018.10.10"]
[SourceQuality "1"]

1. e4 c5 2. Nf3 d6 3. d4 cxd4 4. Nxd4 Nf6 5. Nc3 e5 6. Nb3 Be6 7. Be2 Nc6 8. Be3 d5 9. exd5 Nxd5 10. Nxd5 Bxd5 11. 0-0 Be6 12. Qxd8+ Rxd8 13. Nc5 Bxc5 14. Bxc5 f5 15. f4 e4 16. Rfd1 Rxd1+ 17. Bxd1 Kf7 18. Be2 a6 19. a3 Rd8 20. Rd1 Re8 21. Kf2 h6 22. h3 Kf6 23. g4 Ne7 24. Bd4+ Kf7 25. gxf5 Bxf5 26. Bg4 g6 27. Kg2 Nd5 28. Kg3 e3 29. c4 e2 30. Bxe2 Rxe2 31. cxd5 Bc2 32. Rc1 Rd2 33. Be5 Rd3+ 34. Kh2 Rd2+ 35. Kg1 Ke7 36. d6+ Ke6 37. Re1 Rd3 38. Kg2 Ba4 39. Re2 Bc6+ 40. Kh2 Kf5 41. Re1 Rd2+ 42. Kg1 Rd3 43. Kh2 Rd2+ 1/2-1/2

[Event "Saale-Herbst op 3rd"]
[Site "Halle/Saale"]
[Date "2006.10.25"]
[Round "2"]
[White "Ellemann, Stefan"]
[Black "Neuling, Holger"]
[Result "0-1"]
[WhiteElo "948"]
[BlackElo "1503"]
[PlyCount "64"]
[EventDate "2006.10.25"]
[EventType "swiss"]
[EventRounds "7"]
[EventCountry "GER"]
[SourceTitle "EXT 2019"]
[Source "ChessBase"]
[SourceDate "2018.10.10"]
[SourceVersion "1"]
[SourceVersionDate "2018.10.10"]
[SourceQuality "1"]

1. e4 c5 2. Nf3 d6 3. d4 cxd4 4. Nxd4 Nf6 5. Bd3 e5 6. Nb3 Be7 7. Be3 a6 8. Qe2 b5 9. a3 Bb7 10. f3 Nbd7 11. Nc3 Qc7 12. Qf2 Rc8 13. a4 b4 14. Ne2 0-0 15. h4 Nc5 16. Nxc5 dxc5 17. Bc4 Rfd8 18. Bd2 Rd7 19. 0-0-0 Ne8 20. g4 Nd6 21. Bd5 Bxd5 22. exd5 Nc4 23. Bg5 f6 24. Be3 Nb6 25. b3 Nxd5 26. g5 c4 27. Kb2 cxb3 28. cxb3 Qc2+ 29. Ka1 Qxb3 30. Rd2 Rdc7 31. gxf6 Bxf6 32. Rb1 Qxe3 0-1

[Event "GER North-chT U16"]
[Site "Magdeburg"]
[Date "2006.08.27"]
[Round "3.4"]
[White "Becker, Franziska"]
[Black "Ellemann, Stefan"]
[Result "1-0"]
[WhiteElo "1319"]
[BlackElo "923"]
[PlyCount "85"]
[EventDate "2006.08.26"]
[EventType "team"]
[EventRounds "7"]
[EventCountry "GER"]
[SourceTitle "EXT 2007"]
[Source "ChessBase"]
[SourceDate "2006.11.23"]
[SourceVersion "1"]
[SourceVersionDate "2006.11.23"]
[SourceQuality "1"]

1. b3 e5 2. Bb2 Nc6 3. c4 d6 4. e3 Nf6 5. Nf3 Bg4 6. Be2 Bxf3 7. Bxf3 e4 8. Be2 Be7 9. Nc3 Qd7 10. a3 a6 11. Qc2 Qe6 12. d3 exd3 13. Bxd3 d5 14. Bf5 Qd6 15. 0-0-0 g6 16. Nxd5 gxf5 17. Nxf6+ Qxf6 18. Bxf6 Bxf6 19. Qxf5 Bg7 20. Rd7 0-0 21. Rxc7 Ne5 22. Rd1 Rae8 23. Rxb7 Ng6 24. Rdd7 Ne5 25. Rd4 Ng6 26. Rg4 Re7 27. Rxe7 Nxe7 28. Qg5 Ng6 29. h4 f6 30. Qd5+ Kh8 31. Qb7 Rg8 32. c5 Ne5 33. Rd4 f5 34. c6 Nxc6 35. Qxc6 Bxd4 36. exd4 Rg6 37. Qc8+ Kg7 38. Qxf5 Rxg2 39. d5 Rg1+ 40. Kb2 Rd1 41. Qd7+ Kf6 42. Qe6+ Kg7 43. Qg4+ 1-0

[Event "GER North-chT U16"]
[Site "Magdeburg"]
[Date "2006.08.26"]
[Round "1.4"]
[White "Ellemann, Stefan"]
[Black "Vossfeldt, Michael"]
[Result "1-0"]
[WhiteElo "923"]
[BlackElo "1506"]
[PlyCount "95"]
[EventDate "2006.08.26"]
[EventType "team"]
[EventRounds "7"]
[EventCountry "GER"]
[SourceTitle "EXT 2007"]
[Source "ChessBase"]
[SourceDate "2006.11.23"]
[SourceVersion "1"]
[SourceVersionDate "2006.11.23"]
[SourceQuality "1"]

1. e4 e5 2. Nf3 Nc6 3. d4 exd4 4. Nxd4 Bc5 5. Be3 Qf6 6. c3 Nge7 7. Be2 0-0 8. 0-0 Nxd4 9. cxd4 Bb6 10. e5 Qc6 11. Nc3 Nd5 12. Nxd5 Qxd5 13. Bf3 Qe6 14. b3 d6 15. Re1 dxe5 16. dxe5 Ba5 17. Re2 Bc3 18. Rc1 Bxe5 19. Bd4 Bxh2+ 20. Kxh2 Qh6+ 21. Kg1 c6 22. Bc5 Be6 23. Bxf8 Rxf8 24. Rcc2 Qf6 25. Re3 g6 26. Rd2 h5 27. Red3 h4 28. Rd8 Rxd8 29. Rxd8+ Kh7 30. Rd3 h3 31. g3 Qb2 32. Rd2 Qc3 33. Kh2 Qe5 34. Bg4 Qe4 35. Bxh3 Bxh3 36. Kxh3 Kh6 37. Kh2 f5 38. Qe2 Qb4 39. Qe3+ g5 40. Qe6+ Kh5 41. Qf7+ Kh6 42. Qf6+ Kh5 43. Qh8+ Kg6 44. Qe8+ Kh6 45. Qe6+ Kh5 46. Rd6 Qc5 47. Qe2+ g4 48. Qe8+ 1-0